000 00594nam a2200241 a 4500
001 nice12345678
003 IN_TiNIC
005 20260116011440.0
008 050524s1931 lona grp 000 0 eng
020 _a
_c100
082 0 0 _a220.7
_bPEA
100 _aPeake, Arthur S
245 _aCommentary on the Bible
260 _aLondon
_bT. C & E.C.Jack Ltd
_c1931
300 _a1014p
500 _aincludes index and biblioraphy
505 2 _aBibliography, Index, Maps
650 _aBible-Commentaries
700 1 _aPeake, Arthur S
902 _bSRS
942 _cBK
999 _c1624
_d1624